An introduction to comparative biochemistry /

Bibliographic Details
Main Author: Baldwin, Ernest
Format: Book
Language:English
Published: Cambridge [England] : University Press, 1949.
Edition:[3d ed.].
Subjects:

MARC

Tag First Indicator Second Indicator Subfields
LEADER 00000cam a2200000 4500
001 in00000047340
005 20151007071431.0
008 731214s1949 enka b 00000 eng u
010 |a a 51004919  
035 |a (OCoLC)00760157 
035 |9 AAE5960AM 
040 |c WOO  |d TXA  |d UtOrBLW 
049 |a TXAM  |c [175120] 
050 0 |a QH324  |b .B3 1949 
092 |a 574.19  |b B181i3 
100 1 |a Baldwin, Ernest. 
245 1 3 |a An introduction to comparative biochemistry /  |c with a foreword by Sir Frederick Gowland Hopkins. 
250 |a [3d ed.]. 
264 1 |a Cambridge [England] :  |b University Press,  |c 1949. 
300 |a xiii, 164 pages :  |b illustrations, diagrams ;  |c 19 cm. 
336 |a text  |b txt  |2 rdacontent 
337 |a unmediated  |b n  |2 rdamedia 
338 |a volume  |b nc  |2 rdacarrier 
504 |a Bibliography: pages [154]-157. 
650 0 |a Biochemistry. 
650 0 |a Physiology, Comparative. 
740 0 |a Comparative biochemistry. 
999 |a MARS 
999 f f |s 9d474554-1262-3ae1-92f4-9916f66aed52  |i 7f31d636-9285-347e-bf9c-8b9854d04932  |t 0 
952 f f |p ric  |a Texas A&M University  |b Rellis Campus  |c Joint Library Facility  |d Remote Storage  |t 0  |e QH324 .B3 1949  |h Library of Congress classification  |i unmediated -- volume  |m A14800973030 
998 f f |a QH324 .B3 1949  |t 0  |l Remote Storage